Hachiko waits / (Record no. 686)

MARC details
000 -LEADER
fixed length control field 01117nam a22002777a 4500
005 - DATE AND TIME OF LATEST TRANSACTION
control field 20260227090125.0
020 ## - INTERNATIONAL STANDARD BOOK NUMBER
International Standard Book Number 9780545071826
040 ## - CATALOGING SOURCE
Original cataloging agency DLC
Transcribing agency DLC
Modifying agency DLC
Language of cataloging eng
050 00 - LIBRARY OF CONGRESS CALL NUMBER
Classification number PZ7.N47988
Item number Hac 2004
082 00 - DEWEY DECIMAL CLASSIFICATION NUMBER
Classification number [Fic]
Edition number 22
100 1# - MAIN ENTRY--PERSONAL NAME
Personal name Newman, Lesléa.
245 10 - TITLE STATEMENT
Title Hachiko waits /
Statement of responsibility, etc. Lesléa Newman ; illustrated by Machiyo Kodaira.
250 ## - EDITION STATEMENT
Edition statement First Scholastic printing, February 2008
260 ## - PUBLICATION, DISTRIBUTION, ETC.
Place of publication, distribution, etc. New York :
Name of publisher, distributor, etc. Scholastic,
Date of publication, distribution, etc. 2004.
300 ## - PHYSICAL DESCRIPTION
Extent 96 pages :
Other physical details illustrations :
Dimensions 23 cm.
505 ## - FORMATTED CONTENTS NOTE
Formatted contents note R<br/>
520 ## - SUMMARY, ETC.
Summary, etc. Professor Ueno's loyal Akita, Hachiko, waits for him at the train station every afternoon, and even after the professor has a fatal heart attack while at work, Hachiko faithfully continues to await his return until the day the dog dies. Based on a true story; includes an author's note and glossary of Japanese words.
521 ## - TARGET AUDIENCE NOTE
Target audience note 770 <br/>
Source Lexile <br/>
521 ## - TARGET AUDIENCE NOTE
Target audience note R<br/> <br/>
Source Raz-Plus
650 #1 - SUBJECT ADDED ENTRY--TOPICAL TERM
Topical term or geographic name entry element Akita dogs
Form subdivision Fiction.
650 #1 - SUBJECT ADDED ENTRY--TOPICAL TERM
Topical term or geographic name entry element Dogs
Form subdivision Fiction.
700 1# - ADDED ENTRY--PERSONAL NAME
Personal name Kodaira, Machiyo,
Relator term illustrator.
906 ## - LOCAL DATA ELEMENT F, LDF (RLIN)
a 7
b cbc
c orignew
d 1
e ocip
f 20
g y-gencatlg
942 ## - ADDED ENTRY ELEMENTS (KOHA)
Source of classification or shelving scheme Dewey Decimal Classification
Koha item type Books
Suppress in OPAC No
999 ## -
-- 686
-- 686
Holdings
Withdrawn status Lost status Source of classification or shelving scheme Damaged status Not for loan Collection Home library Current library Shelving location Date acquired Total Checkouts Full call number Barcode Date last seen Date last checked out Copy number Price effective from Koha item type
    Dewey Decimal Classification     Juvenile Fiction Footprints International School Library Network Toul Kork Campus Footprints International School Library Network Toul Kork Campus TK Primary Library Room(4th Floor), Bookcase 5&6, Shelves 33-56, Orange Books 06/29/2023 6 NEW Fic PZ7.N47988 FISTK05585 04/03/2026 03/20/2026 1 06/29/2023 Books
    Dewey Decimal Classification     Juvenile Fiction Footprints International School Library Network Toul Kork Campus Footprints International School Library Network Toul Kork Campus TK Primary Library Room(4th Floor), Bookcase 5&6, Shelves 33-56, Orange Books 06/29/2023 3 NEW Fic PZ7.N47988 FISTK04833 09/12/2025 08/29/2025 2 06/29/2023 Books
    Dewey Decimal Classification     Fiction Footprints International School Library Network Toul Kork Campus Footprints International School Library Network Toul Kork Campus TTP Secondary Fiction Bookshelves 06/06/2024   NEW Fic PZ7.N47988 2024-0815 06/06/2024   3 06/06/2024 Books